[Event "Olympiad-45"]
[White "Alfaro Caracas, William"]
[Black "Salim Mohammed, Salim Al Amri"]
[Site "Budapest"]
[Round "6.63"]
[Result "1-0"]
[Date "2024.09.16"]
[WhiteElo "2133"]
[BlackElo "1926"]
[PlyCount "63"]
[EventDate "2024.09.11"]
[EventType "team-swiss"]
[EventRounds "11"]
[EventCountry "HUN"]
[SourceTitle "EXT 2025"]
[Source "ChessBase"]
[SourceDate "2024.10.14"]
[SourceVersion "1"]
[SourceVersionDate "2024.10.14"]
[SourceQuality "1"]
[WhiteTeam "Nicaragua"]
[BlackTeam "Oman"]
[WhiteTeamCountry "NCA"]
[BlackTeamCountry "OMN"]

1. d4 Nf6 2. c4 e6 3. Nf3 c5 4. d5 d6 5. Nc3 g6 6. h3 Bg7 7. e4 0-0 8. Bd3 Na6 9. 0-0 Nc7 10. Re1 e5 11. a3 Nh5 12. Bg5 f6 13. Be3 Nf4 14. Bxf4 exf4 15. Qd2 g5 16. b4 b6 17. Rab1 Qe8 18. bxc5 bxc5 19. e5 fxe5 20. Nxg5 Bf5 21. f3 Qg6 22. Bxf5 Rxf5 23. Nge4 Rf7 24. Rb7 Bf8 25. Reb1 a6 26. R1b6 Rg7 27. Nxc5 Qg3 28. N5e4 Qh4 29. c5 dxc5 30. d6 Ne6 31. Rxg7+ Nxg7 32. Qd5+ 1-0

[Event "Salalah Dhofar op"]
[White "Salim Mohammed, Salim Al Amri"]
[Black "Al Amari, Mohammed"]
[Site "Salalah"]
[Round "3"]
[Result "1-0"]
[Date "2024.07.26"]
[WhiteElo "1927"]
[BlackElo "1805"]
[PlyCount "81"]
[EventDate "2024.07.25"]
[EventType "swiss"]
[EventRounds "7"]
[EventCountry "OMN"]
[SourceTitle "EXT 2025"]
[Source "ChessBase"]
[SourceDate "2024.10.14"]
[SourceVersion "1"]
[SourceVersionDate "2024.10.14"]
[SourceQuality "1"]

1. d4 c5 2. d5 Nf6 3. Nc3 d6 4. e4 e5 5. Bc4 a6 6. a4 Be7 7. Nf3 0-0 8. 0-0 Bg4 9. Be2 Nbd7 10. Nd2 Bxe2 11. Qxe2 h6 12. a5 Nh7 13. g4 Re8 14. Nc4 Ndf8 15. f4 exf4 16. Bxf4 Ng6 17. Bg3 Ng5 18. h4 Nh7 19. h5 Ngf8 20. e5 dxe5 21. Qf2 Ng5 22. Kh2 Bf6 23. Nb6 Rb8 24. Qf5 Re7 25. Rae1 Nd7 26. Nxd7 Qxd7 27. Qxd7 Rxd7 28. Kg2 Re8 29. Rf5 e4 30. Na4 Nf3 31. Re3 Nd4 32. Rf4 Rxd5 33. Nb6 Rdd8 34. c3 Nb3 35. Rfxe4 Rxe4 36. Rxe4 Rd2+ 37. Kh3 Rxb2 38. Re8+ Kh7 39. Nd7 g6 40. Nxf6+ Kg7 41. Be5 1-0

[Event "OMA-ch Clubs 7th"]
[White "Salim Mohammed, Salim Al Amri"]
[Black "Al Balushi, Said"]
[Site "Muscat"]
[Round "8.3"]
[Result "1-0"]
[Date "2024.07.17"]
[WhiteElo "1927"]
[BlackElo "1682"]
[PlyCount "123"]
[EventDate "2024.07.11"]
[EventType "team-swiss"]
[EventRounds "9"]
[EventCountry "OMN"]
[SourceTitle "EXT 2025"]
[Source "ChessBase"]
[SourceDate "2024.10.14"]
[SourceVersion "1"]
[SourceVersionDate "2024.10.14"]
[SourceQuality "1"]
[WhiteTeam "Masirah White"]
[BlackTeam "Al Nahda"]
[WhiteTeamCountry "OMN"]
[BlackTeamCountry "OMN"]

1. e4 c5 2. Nf3 Nc6 3. b4 d6 4. b5 Nd4 5. Nxd4 cxd4 6. Bc4 Nf6 7. d3 d5 8. exd5 Nxd5 9. 0-0 e6 10. Bb2 Bc5 11. Nd2 0-0 12. Ne4 b6 13. a4 a5 14. Nxc5 bxc5 15. Ba3 Nc3 16. Qh5 Nxa4 17. Bxc5 Nxc5 18. Qxc5 Bb7 19. f3 Qd7 20. Ra4 Rfc8 21. Qb6 Bd5 22. Qxd4 Ra7 23. Bxd5 exd5 24. b6 Ra6 25. Rb1 Rb8 26. Rc4 h5 27. Rc5 Raxb6 28. Rxb6 Rxb6 29. Rxd5 Qa7 30. Rd8+ Kh7 31. Qe4+ g6 32. d4 Re6 33. Qa8 Qb6 34. Rh8+ Kg7 35. Qf8+ Kf6 36. Qd8+ Qxd8 37. Rxd8 Ra6 38. Rb8 a4 39. Rb2 a3 40. Ra2 Ra4 41. Kf1 Ke6 42. Ke2 Kd5 43. Kd3 Rxd4+ 44. Kc3 Rh4 45. h3 Rc4+ 46. Kd3 Ra4 47. Kc3 h4 48. Kb3 Ra7 49. Rxa3 Rxa3+ 50. Kxa3 Kd4 51. Kb4 Ke3 52. c4 Kf2 53. c5 Kxg2 54. c6 Kxh3 55. c7 Kg2 56. c8Q h3 57. Qg4+ Kh2 58. f4 f5 59. Qxg6 Kh1 60. Qxf5 h2 61. Qh3 Kg1 62. f5 1-0

[Event "OMA-ch Clubs 7th"]
[White "Al Balushi, Rashid Ali"]
[Black "Salim Mohammed, Salim Al Amri"]
[Site "Muscat"]
[Round "4.3"]
[Result "0-1"]
[Date "2024.07.13"]
[WhiteElo "1614"]
[BlackElo "1927"]
[PlyCount "74"]
[EventDate "2024.07.11"]
[EventType "team-swiss"]
[EventRounds "9"]
[EventCountry "OMN"]
[SourceTitle "EXT 2025"]
[Source "ChessBase"]
[SourceDate "2024.10.14"]
[SourceVersion "1"]
[SourceVersionDate "2024.10.14"]
[SourceQuality "1"]
[WhiteTeam "Al Salam"]
[BlackTeam "Masirah White"]
[WhiteTeamCountry "OMN"]
[BlackTeamCountry "OMN"]

1. e4 c5 2. Nf3 a6 3. d4 cxd4 4. Nxd4 e5 5. Nf3 Nf6 6. Bd3 d5 7. Qe2 dxe4 8. Bxe4 Nxe4 9. Qxe4 Nc6 10. Nc3 f6 11. 0-0 Be6 12. Be3 Qa5 13. a3 f5 14. Qa4 Qc7 15. Rfe1 Be7 16. Nxe5 0-0 17. Nxc6 bxc6 18. Bf4 Qc8 19. Be5 Bc5 20. Qh4 Ra7 21. Ne2 f4 22. Bxf4 Bg4 23. Qg3 Raf7 24. Be3 Be7 25. f3 Bf5 26. Nd4 Bd7 27. Nb3 c5 28. c4 Rf6 29. Nd2 Rg6 30. Qf2 Bc6 31. Kh1 Bb7 32. Nb3 Rf5 33. Rad1 Rxg2 34. Kxg2 Rxf3 35. Kf1 Qh3+ 36. Ke2 Rxf2+ 37. Bxf2 Bf3+ 0-1

[Event "OMA-ch Clubs 7th"]
[White "Al Mamari, Mohammed Saif"]
[Black "Salim Mohammed, Salim Al Amri"]
[Site "Muscat"]
[Round "2.3"]
[Result "0-1"]
[Date "2024.07.12"]
[WhiteElo "1716"]
[BlackElo "1927"]
[PlyCount "82"]
[EventDate "2024.07.11"]
[EventType "team-swiss"]
[EventRounds "9"]
[EventCountry "OMN"]
[SourceTitle "EXT 2025"]
[Source "ChessBase"]
[SourceDate "2024.10.14"]
[SourceVersion "1"]
[SourceVersionDate "2024.10.14"]
[SourceQuality "1"]
[WhiteTeam "Saham"]
[BlackTeam "Masirah White"]
[WhiteTeamCountry "OMN"]
[BlackTeamCountry "OMN"]

1. d4 d5 2. Nf3 Nf6 3. g3 Bg4 4. Bg2 e6 5. 0-0 Be7 6. c4 c6 7. Nc3 0-0 8. Bf4 Nbd7 9. Re1 dxc4 10. Qc2 Nd5 11. Nxd5 cxd5 12. e4 dxe4 13. Qxe4 Nf6 14. Qxb7 Nd5 15. Ne5 Rb8 16. Qxa7 Ra8 17. Qb7 Rb8 18. Qa6 Nxf4 19. Nc6 Nxg2 20. Nxd8 Nxe1 21. Nc6 Nf3+ 22. Kg2 Bf6 23. Nxb8 Rxb8 24. Qxc4 Ng5 25. b4 Bf3+ 26. Kf1 g6 27. Rc1 Bd5 28. Qc7 Rxb4 29. Qf4 Kg7 30. Rd1 Bf3 31. Rc1 Rxd4 32. Qe3 Bd5 33. h4 Ne4 34. Rc2 Ra4 35. a3 Bd4 36. Qf4 Rxa3 37. f3 e5 38. Qc1 Rxf3+ 39. Ke1 Nxg3 40. Qg5 Rf1+ 41. Kd2 Ne4+ 0-1

[Event "Asian Cities-chT"]
[White "Isam, Gaith"]
[Black "Salim Mohammed, Salim Al Amri"]
[Site "Khanty-Mansiysk"]
[Round "4.2"]
[Result "1/2-1/2"]
[Date "2024.04.24"]
[WhiteElo "1892"]
[BlackElo "1938"]
[PlyCount "124"]
[EventDate "2024.04.21"]
[EventType "team-swiss"]
[EventRounds "9"]
[EventCountry "RUS"]
[SourceTitle "CBM 219 Extra"]
[Source "ChessBase"]
[SourceDate "2024.05.31"]
[SourceVersion "1"]
[SourceVersionDate "2024.05.31"]
[SourceQuality "1"]
[WhiteTeam "Al Quds"]
[BlackTeam "Muscat"]
[WhiteTeamCountry "PLE"]
[BlackTeamCountry "OMN"]

1. e4 c5 2. Nc3 g6 3. f4 Bg7 4. Nf3 d6 5. Bb5+ Nc6 6. Bxc6+ bxc6 7. d3 e6 8. 0-0 Ne7 9. Qe1 0-0 10. Bd2 Rb8 11. Rb1 Qb6 12. Na4 Qc7 13. b3 h5 14. Qh4 Re8 15. g4 hxg4 16. Ng5 Rb4 17. Bc3 Rd4 18. Nh7 Rd8 19. Nf6+ Kf8 20. Nxg4 f5 21. Nf2 Kf7 22. Nh3 Rh8 23. Ng5+ Kf8 24. Qe1 Bf6 25. Nf3 Kf7 26. e5 dxe5 27. Bxd4 exd4 28. Ne5+ Kg7 29. Nxc5 g5 30. Qg3 Nd5 31. Rbe1 Ne3 32. Rf2 g4 33. Rxe3 Rh3 34. Qxh3 gxh3 35. Rg3+ Kf8 36. Ng6+ Kf7 37. Rxh3 Qa5 38. Nh8+ Ke7 39. Rh7+ Kd6 40. b4 Qxb4 41. Nb3 Qe1+ 42. Kg2 c5 43. Nd2 Qd1 44. h3 Kc6 45. Nc4 Ba6 46. Ng6 Bxc4 47. dxc4 d3 48. cxd3 Bd4 49. Ne7+ Kd6 50. Nc8+ Kc6 51. Nxa7+ Kb6 52. Nc8+ Ka5 53. Ra7+ Kb4 54. Rb7+ Ka3 55. Rb3+ Ka4 56. Nb6+ Ka5 57. Rb5+ Ka6 58. Nd7 Bxf2 59. Nb8+ Ka7 60. Nc6+ Ka6 61. Nb8+ Ka7 62. Nc6+ Ka6 1/2-1/2

[Event "OMA-ch 11th"]
[White "Salim Mohammed, Salim Al Amri"]
[Black "Al Mamari, Ali Abdullah"]
[Site "Muscat"]
[Round "3"]
[Result "1-0"]
[Date "2024.01.26"]
[WhiteElo "1878"]
[BlackElo "1585"]
[PlyCount "73"]
[EventDate "2024.01.24"]
[EventType "swiss"]
[EventRounds "9"]
[EventCountry "OMN"]
[SourceTitle "CBM 218 Extra"]
[Source "ChessBase"]
[SourceDate "2024.03.31"]
[SourceVersion "1"]
[SourceVersionDate "2024.03.31"]
[SourceQuality "1"]

1. d4 d6 2. e4 g6 3. Bf4 Bg7 4. Nc3 Nc6 5. Bb5 a6 6. Bxc6+ bxc6 7. Qd2 e6 8. Nf3 Ne7 9. 0-0 0-0 10. Bh6 Rb8 11. b3 f5 12. Bxg7 Kxg7 13. e5 h6 14. h4 Qe8 15. Ne2 Qf7 16. Qa5 Ng8 17. Nf4 Rb5 18. Qa3 c5 19. c4 Rb8 20. dxc5 dxe5 21. Nxe5 Qf6 22. Nexg6 Kf7 23. Nxf8 Kxf8 24. c6+ Kf7 25. Qc5 Rb6 26. Nd3 Qxh4 27. Ne5+ Ke8 28. Rad1 Qe7 29. Qe3 Qg5 30. f4 Qh4 31. Qc5 Qe7 32. Qd4 h5 33. Rd3 Nh6 34. Rfd1 Nf7 35. Nxf7 Kxf7 36. Qh8 Qc5+ 37. Kh1 1-0

[Event "OMA-chT 6th"]
[White "Al Makhladi, Faisal"]
[Black "Salim Mohammed, Salim Al Amri"]
[Site "Muscat"]
[Round "2.2"]
[Result "0-1"]
[Date "2023.08.04"]
[WhiteElo "1517"]
[BlackElo "1885"]
[PlyCount "66"]
[EventDate "2023.08.03"]
[EventType "team-swiss"]
[EventRounds "9"]
[EventCountry "OMN"]
[SourceTitle "EXT 2024"]
[Source "ChessBase"]
[SourceDate "2023.10.10"]
[SourceVersion "1"]
[SourceVersionDate "2023.10.10"]
[SourceQuality "1"]
[WhiteTeam "Al Seeb"]
[BlackTeam "Mirbat"]
[WhiteTeamCountry "OMN"]
[BlackTeamCountry "OMN"]

1. d4 d5 2. c4 dxc4 3. Nc3 Nf6 4. e4 e5 5. d5 b5 6. Bg5 Bc5 7. Nf3 Nbd7 8. Nxb5 Rb8 9. Bxc4 a6 10. Nc3 Rxb2 11. 0-0 h6 12. Bxf6 Qxf6 13. Bb3 Nb6 14. Na4 Nxa4 15. Bxa4+ Kf8 16. Bc6 Bd6 17. Rb1 Rxb1 18. Qxb1 g5 19. Nd2 Bc5 20. Qb8 Kg7 21. Qxc7 Bg4 22. Qa5 Bd4 23. Nb3 Be2 24. Nxd4 exd4 25. Qd2 Bxf1 26. Kxf1 Rb8 27. g3 g4 28. Qf4 Rb1+ 29. Ke2 h5 30. e5 Qg6 31. Qxd4 Qc2+ 32. Qd2 Qe4+ 33. Qe3 Rb2+ 0-1

[Event "OMA-chT Clubs"]
[White "Salim Mohammed, Salim Al Amri"]
[Black "Qatan, Said Mahad"]
[Site "Muscat"]
[Round "7.3"]
[Result "1-0"]
[Date "2022.08.31"]
[WhiteElo "1917"]
[BlackElo "1637"]
[PlyCount "85"]
[EventDate "2022.08.26"]
[EventType "team-swiss"]
[EventRounds "9"]
[EventCountry "OMN"]
[SourceTitle "EXT 2023"]
[Source "ChessBase"]
[SourceDate "2022.10.05"]
[SourceVersion "1"]
[SourceVersionDate "2022.10.05"]
[SourceQuality "1"]
[WhiteTeam "Masirah White"]
[BlackTeam "Salalah"]
[WhiteTeamCountry "OMN"]
[BlackTeamCountry "OMN"]

1. d4 Nf6 2. Nf3 e6 3. c4 d5 4. Nc3 Bb4 5. a3 Bxc3+ 6. bxc3 c5 7. e3 Nbd7 8. cxd5 exd5 9. Bd3 b6 10. 0-0 Bb7 11. a4 Ne4 12. Bxe4 dxe4 13. Nd2 0-0 14. a5 Ba6 15. c4 cxd4 16. exd4 Nf6 17. axb6 axb6 18. Bb2 Qc7 19. Qb3 Rfe8 20. h3 Nh5 21. d5 Nf4 22. Kh1 f5 23. Qg3 Nxd5 24. cxd5 Qxg3 25. fxg3 e3 26. Nf3 Bxf1 27. Rxf1 Rad8 28. Ra1 Rxd5 29. Ra7 Rd2 30. Bc3 Rd3 31. Rxg7+ Kf8 32. Rc7 e2 33. Be1 Red8 34. Rxh7 Rxf3 35. gxf3 Rd1 36. Kg2 Rxe1 37. Kf2 Rg1 38. Kxe2 Rxg3 39. Ke3 Rg7 40. Rh8+ Kf7 41. Kf4 Kf6 42. Rb8 Rh7 43. Rxb6+ 1-0

[Event "OMA-chT Clubs"]
[White "Salim Mohammed, Salim Al Amri"]
[Black "Al Zadjali, Abdul Rahman"]
[Site "Muscat"]
[Round "5.3"]
[Result "1-0"]
[Date "2022.08.29"]
[WhiteElo "1917"]
[BlackElo "1698"]
[PlyCount "41"]
[EventDate "2022.08.26"]
[EventType "team-swiss"]
[EventRounds "9"]
[EventCountry "OMN"]
[SourceTitle "EXT 2023"]
[Source "ChessBase"]
[SourceDate "2022.10.05"]
[SourceVersion "1"]
[SourceVersionDate "2022.10.05"]
[SourceQuality "1"]
[WhiteTeam "Masirah White"]
[BlackTeam "Salalah II"]
[WhiteTeamCountry "OMN"]
[BlackTeamCountry "OMN"]

1. e4 c5 2. Nf3 g6 3. Bc4 Bg7 4. 0-0 Nc6 5. c3 d6 6. d4 cxd4 7. cxd4 Nf6 8. d5 Nb8 9. Nc3 Bg4 10. Qb3 Qc8 11. e5 Bxf3 12. gxf3 Nh5 13. Bb5+ Kf8 14. exd6 exd6 15. Re1 Be5 16. Bh6+ Kg8 17. Rxe5 dxe5 18. d6 Nf4 19. Ne4 Qf5 20. Be8 Ne6 21. Qxb7 1-0